Größte Städte der Commonwealth of Nations - Statistiken

Allgemein
  • Dieses Quiz wurde 2.692 mal gespielt
  • Das Durchschnittsergebnis liegt bei 15 aus 28
Antworten auf der Karte
Die Antworten werden auf der Karte rot bzw. grün angezeigt, abhängig davon wie oft sie richtig erraten wurden.
 
Antwortstatistiken
Bevölkerung Stadt % Korrekt
14,9 m London
99%
4,98 m Kapstadt
83%
4,98 m Sydney
83%
34,6 m Delhi
81%
27,1 m Mumbai
81%
14,6 m Johannesburg
78%
7,70 m Toronto
78%
5,00 m Melbourne
71%
7,85 m Singapur
70%
20,7 m Lagos
67%
9,30 m Kuala Lumpur
64%
6,70 m Nairobi
63%
4,43 m Montreal
59%
22,5 m Dhaka
56%
6,60 m Accra
51%
17,7 m Kolkata
49%
4,93 m Colombo
47%
20,9 m Karatschi
41%
14,2 m Bengaluru
39%
12,6 m Chennai
35%
6,25 m Daressalam
34%
14,5 m Lahore
33%
11,4 m Hyderabad
31%
9,60 m Ahmedabad
27%
7,75 m Pune
21%
5,00 m Chittagong
20%
5,20 m Kano
20%
7,75 m Surat
15%
Keine übereinstimmenden Quizze gefunden
Verteilung der Resultate
Anzahl Personen mit jedem Resultat
Perzentil nach korrekt beantworteten Fragen
Ihre Resultats-Entwicklung
Sie haben dieses Quiz noch nicht gespielt